000 00277nam a22001337a 4500
020 _a0-590-11180-9
082 _a823
_bBLYTON
100 _aBLY/E
245 _aENCHANTED LANDS
260 _aLONDON
_bLADY BIRD
300 _a28
650 _aENGLISH SHORT STORY
_zUK
942 _cBK
999 _c2489
_d2489